000 00490nam a2200181Ia 4500
005 20250508154053.0
008 008 250505s9999 xx 000 0 eng d
037 _aTextual
040 _aFEDL
_beng
_cFEDL
041 _aeng
_2eng
084 _aB, BAH
_qFEDL
100 _aManakekar D R
_9764988
245 0 _aLal bahadur: A political biography
260 _aBombay, India
_bPopular Prakashan
_c1964
300 _a168p
942 _cTEXL
_hB, BAH
999 _c1347434
_d1347434